[Event "BL 1516 Erfurter SK - Werder Bremen"]
[Site "?"]
[Date "2016.04.24"]
[Round "15.3"]
[White "Bluebaum, Matthias"]
[Black "Enders, Peter"]
[Result "1/2-1/2"]
[WhiteElo "2628"]
[BlackElo "2453"]
[PlyCount "101"]
[EventDate "2016.??.??"]

1. d4 Nf6 2. c4 e6 3. Nf3 c5 4. d5 exd5 5. cxd5 d6 6. Nc3 g6 7. Bf4 Bg7 8. Qa4+
Bd7 9. Qb3 Qc7 10. e4 O-O 11. Nd2 Nh5 12. Be3 Na6 13. Be2 Nf6 14. O-O Rfb8 15.
Bf4 Ne8 16. Rfe1 Qd8 17. Nc4 Bd4 18. a4 Qf6 19. Bg3 Nac7 20. e5 dxe5 21. Bf1
Bxa4 22. Qxa4 b5 23. Nxb5 Rxb5 24. d6 Rb4 25. Qc6 Rxc4 26. Bxc4 Qxd6 27. Qf3
Nf6 28. Ra6 Nxa6 29. Qxa8+ Kg7 30. Qxa7 Nc7 31. Qb7 Ne6 32. Ra1 Nd8 33. Qa6 Qb8
34. Qb5 Qxb5 35. Bxb5 Ne4 36. Ra8 Ne6 37. Bd3 Nxg3 38. hxg3 Bxb2 39. Bc4 Ng5
40. Ra7 e4 41. Kf1 h5 42. f4 exf3 43. gxf3 Kf6 44. Kg2 Ne6 45. f4 g5 46. f5
Kxf5 47. Rxf7+ Bf6 48. Rh7 Ng7 49. Bf7 h4 50. gxh4 gxh4 51. Rxg7 1/2-1/2

[Event "BL 1516 Erfurter SK - Werder Bremen"]
[Site "?"]
[Date "2016.04.24"]
[Round "15.4"]
[White "Voekler, Bernd"]
[Black "Hracek, Zbynek"]
[Result "0-1"]
[WhiteElo "2355"]
[BlackElo "2599"]
[PlyCount "46"]
[EventDate "2016.??.??"]

1. e4 c5 2. Nf3 e6 3. c4 Nc6 4. Nc3 Nd4 5. d3 Ne7 6. Nxd4 cxd4 7. Ne2 Nc6 8. g3
Be7 9. Bg2 O-O 10. O-O Rb8 11. Nf4 b5 12. b3 a5 13. Re1 a4 14. e5 Qc7 15. Qh5
g6 16. Qe2 Bb4 17. Nh5 Bxe1 18. Nf6+ Kh8 19. Bf4 Bb4 20. Qg4 Be7 21. Qh4 Bxf6
22. exf6 e5 23. Re1 d6 0-1

[Event "BL 1516 Erfurter SK - Werder Bremen"]
[Site "?"]
[Date "2016.04.24"]
[Round "15.5"]
[White "Babula, Vlastimil"]
[Black "Troyke, Christian"]
[Result "1/2-1/2"]
[WhiteElo "2561"]
[BlackElo "2350"]
[PlyCount "98"]
[EventDate "2016.??.??"]

1. d4 g6 2. c4 Bg7 3. e4 d6 4. Nc3 Nf6 5. Nf3 O-O 6. Be2 c5 7. O-O cxd4 8. Nxd4
Nc6 9. Be3 Bd7 10. Nc2 Qa5 11. f3 Rfc8 12. Qd2 Be6 13. Rab1 Nd7 14. f4 f5 15.
b4 Qd8 16. exf5 gxf5 17. Nd5 Bf7 18. Rfe1 e6 19. Nc3 Nf6 20. Nd4 a6 21. a3 Ne7
22. Rbd1 Qc7 23. Nf3 d5 24. c5 Rd8 25. Qc1 Nc6 26. Nd4 Ne4 27. g3 Kh8 28. Nxc6
bxc6 29. Bd4 Bxd4+ 30. Rxd4 e5 31. fxe5 Qxe5 32. Qe3 f4 33. Qd3 Nxc3 34. Qxc3
fxg3 35. hxg3 Re8 36. Rf1 Bg6 37. Rf2 Be4 38. Bf3 Qxg3+ 39. Rg2 Qe5 40. Bxe4
dxe4 41. Rc4 e3 42. Kf1 a5 43. bxa5 Rxa5 44. Re2 Rb5 45. Rxe3 Rf8+ 46. Ke2 Rb2+
47. Ke1 Rb1+ 48. Ke2 Rb2+ 49. Ke1 Rb1+ 1/2-1/2

[Event "BL 1516 Erfurter SK - Werder Bremen"]
[Site "?"]
[Date "2016.04.24"]
[Round "15.6"]
[White "Casper, Thomas"]
[Black "Smerdon, David"]
[Result "1/2-1/2"]
[WhiteElo "2379"]
[BlackElo "2529"]
[PlyCount "41"]
[EventDate "2016.??.??"]

1. e4 c5 2. Nf3 g6 3. c3 Bg7 4. d4 cxd4 5. cxd4 d5 6. e5 a6 7. h3 Nc6 8. Nc3 f6
9. exf6 Nxf6 10. Be2 O-O 11. O-O Nh5 12. Re1 e6 13. Bf1 Qd6 14. Be3 Bd7 15. Na4
Rae8 16. Rc1 Bc8 17. Nb6 Nb4 18. Nxc8 Rxc8 19. Rxc8 Rxc8 20. Qb3 Rc7 21. Rc1
1/2-1/2

[Event "BL 1516 Erfurter SK - Werder Bremen"]
[Site "?"]
[Date "2016.04.24"]
[Round "15.7"]
[White "Markgraf, Alexander"]
[Black "Brueggemann, Joachim"]
[Result "1-0"]
[WhiteElo "2510"]
[BlackElo "2309"]
[PlyCount "101"]
[EventDate "2016.??.??"]

1. e4 c5 2. Nf3 d6 3. d4 cxd4 4. Nxd4 Nf6 5. Nc3 a6 6. Be3 e5 7. Nf3 Be7 8. Bc4
O-O 9. O-O h6 10. Bb3 Be6 11. Nh4 Nc6 12. Nf5 Bxf5 13. exf5 Rc8 14. Qf3 Na5 15.
Bd5 b5 16. Rfd1 Qd7 17. a3 Rfe8 18. Be4 Rc4 19. Bd5 Rcc8 20. Rab1 Bf8 21. Be4
Rc4 22. Bb6 Nxe4 23. Nxe4 Nb7 24. b3 Rxc2 25. Be3 Qc6 26. h4 Rd8 27. Rd5 Kh8
28. Rbd1 Qe8 29. g4 f6 30. g5 Qf7 31. Kh2 Rdc8 32. Qg4 fxg5 33. hxg5 Be7 34. g6
Qf8 35. Rg1 Bf6 36. Rg3 R8c7 37. Rh3 Kg8 38. Kg2 R2c6 39. Rd1 Nc5 40. Bxc5 dxc5
41. Rhd3 Be7 42. f6 gxf6 43. Ng3 f5 44. Nxf5 Bg5 45. Qe4 Qe8 46. Nxh6+ Kf8 47.
Qf5+ Kg7 48. Rd7+ Rxd7 49. Rxd7+ Be7 50. Qxe5+ Kxh6 51. Qe3+ 1-0

[Event "BL 1516 Erfurter SK - Werder Bremen"]
[Site "?"]
[Date "2016.04.24"]
[Round "15.8"]
[White "Steinacker, Alex"]
[Black "Koop, Thorben"]
[Result "0-1"]
[WhiteElo "2193"]
[BlackElo "2423"]
[PlyCount "68"]
[EventDate "2016.??.??"]

1. g3 d5 2. Nf3 c5 3. Bg2 Nc6 4. O-O e5 5. d3 f6 6. Kh1 Be6 7. c4 d4 8. e3 Nge7
9. Nbd2 Nc8 10. exd4 cxd4 11. Ng1 Be7 12. f4 O-O 13. f5 Bf7 14. Ne4 Rb8 15. g4
b5 16. b3 bxc4 17. bxc4 Nb4 18. h4 Nd6 19. Nh3 h6 20. g5 fxg5 21. hxg5 Nxe4 22.
Bxe4 hxg5 23. Rg1 Rb6 24. Rxg5 Bxg5 25. Bxg5 Qd7 26. Qf3 Bg6 27. Rf1 Na6 28.
Bc1 Rbf6 29. Ng5 Bxf5 30. Bd5+ Kh8 31. Qh5+ Rh6 32. Nf7+ Qxf7 33. Qxh6+ gxh6
34. Bxf7 Rxf7 0-1

[Event "BL 1516 OSG Baden Baden - Hansa Dortmun"]
[Site "?"]
[Date "2016.04.24"]
[Round "15.1"]
[White "Donchenko, Alexander"]
[Black "Wojtaszek, Radoslaw"]
[Result "1/2-1/2"]
[WhiteElo "2573"]
[BlackElo "2716"]
[PlyCount "59"]
[EventDate "2016.??.??"]

1. d4 Nf6 2. c4 e6 3. g3 d5 4. Bg2 Bb4+ 5. Nd2 O-O 6. Ngf3 dxc4 7. Qc2 a5 8.
Qxc4 b6 9. a3 Be7 10. Ne5 Ba6 11. Qc2 Ra7 12. Ndf3 c5 13. dxc5 Bxc5 14. Nd3
Bxd3 15. Qxd3 Qxd3 16. exd3 Nd5 17. Ke2 Rc7 18. Bd2 Nc6 19. Rac1 Rfc8 20. Rc4
Be7 21. Rhc1 b5 22. R4c2 a4 23. Kd1 b4 24. axb4 Ncxb4 25. Rxc7 Rxc7 26. Rxc7
Nxc7 27. Ne5 f6 28. Nc6 Nxc6 29. Bxc6 a3 30. bxa3 1/2-1/2

[Event "BL 1516 OSG Baden Baden - Hansa Dortmun"]
[Site "?"]
[Date "2016.04.24"]
[Round "15.2"]
[White "Kasimdzhanov, Rustam"]
[Black "Berg, Emanuel"]
[Result "1-0"]
[WhiteElo "2694"]
[BlackElo "2575"]
[PlyCount "75"]
[EventDate "2016.??.??"]

1. e4 c5 2. Nf3 d6 3. d4 cxd4 4. Nxd4 Nf6 5. Nc3 a6 6. Be3 e5 7. Nb3 Be6 8. f3
Be7 9. Qd2 h5 10. Nd5 Nxd5 11. exd5 Bf5 12. Be2 Nd7 13. O-O Rc8 14. c4 O-O 15.
Na5 Qc7 16. b4 Bg6 17. Rac1 f5 18. c5 f4 19. Bf2 e4 20. fxe4 dxc5 21. Bf3 b6
22. Nc6 Bd6 23. Rfe1 Rfe8 24. bxc5 bxc5 25. Kh1 Ne5 26. Bxc5 Bxc5 27. Rxc5 Qd6
28. Rec1 Nxf3 29. gxf3 Kh7 30. R5c4 Qd7 31. Qxf4 Rf8 32. Qg3 Rce8 33. Ne5 Rxe5
34. Qxe5 Qh3 35. Qg3 Qxg3 36. hxg3 Rxf3 37. Kg2 Re3 38. Kf2 1-0

[Event "BL 1516 OSG Baden Baden - Hansa Dortmun"]
[Site "?"]
[Date "2016.04.24"]
[Round "15.3"]
[White "Heberla, Bartlomiej"]
[Black "Vallejo Pons, Francisco"]
[Result "0-1"]
[WhiteElo "2532"]
[BlackElo "2691"]
[PlyCount "102"]
[EventDate "2016.??.??"]

1. e4 e6 2. d4 d5 3. Nd2 c5 4. c3 cxd4 5. cxd4 dxe4 6. Nxe4 Nf6 7. Bd3 Bd7 8.
Nc3 Bc6 9. Nf3 Nbd7 10. O-O Be7 11. Qe2 O-O 12. Ne5 Nxe5 13. dxe5 Nd5 14. Rd1
g6 15. Bd2 Qb6 16. Nxd5 Bxd5 17. Be3 Qa5 18. Bd2 Qa4 19. b3 Qh4 20. g3 Qh3 21.
Be4 Rfd8 22. Ba5 b6 23. Be1 a5 24. Qf3 Bxe4 25. Qxe4 Qh5 26. Kg2 Bc5 27. Bc3
Rac8 28. Rxd8+ Rxd8 29. Rc1 Qg5 30. Re1 Rd5 31. h4 Qd8 32. Re2 h5 33. Bb2 Rd1
34. Qf3 Qd7 35. Qe4 Kg7 36. Bc3 Rd3 37. Bb2 Rd1 38. Bc3 Kh7 39. Bb2 Kg8 40. Bc3
Kf8 41. Re1 Rd3 42. Rc1 Bxf2 43. Kxf2 Rxc3 44. Rxc3 Qd2+ 45. Qe2 Qxc3 46. Kg2
Kg8 47. Kh2 Kg7 48. Kg2 Qc5 49. Kh2 b5 50. a3 b4 51. axb4 axb4 0-1

[Event "BL 1516 OSG Baden Baden - Hansa Dortmun"]
[Site "?"]
[Date "2016.04.24"]
[Round "15.4"]
[White "Naiditsch, Arkadij"]
[Black "Mons, Léon"]
[Result "1-0"]
[WhiteElo "2660"]
[BlackElo "2461"]
[PlyCount "85"]
[EventDate "2016.??.??"]

1. e4 e5 2. Nf3 Nc6 3. Bb5 a6 4. Bxc6 dxc6 5. O-O Bg4 6. h3 h5 7. d3 Qf6 8.
Nbd2 g5 9. Nc4 Bxf3 10. Qxf3 Qxf3 11. gxf3 f6 12. h4 gxh4 13. f4 b5 14. Na5
exf4 15. Bxf4 Kd7 16. Kh1 Bd6 17. Bxd6 cxd6 18. Rg1 Rh7 19. a4 Ne7 20. d4 b4
21. Rad1 Rg8 22. Rxg8 Nxg8 23. c3 Re7 24. Rg1 Nh6 25. Rg6 Ng4 26. f3 bxc3 27.
bxc3 Nf2+ 28. Kg2 Nd1 29. c4 Ne3+ 30. Kh3 f5 31. e5 dxe5 32. Nxc6 exd4 33. Nxe7
Kxe7 34. c5 Nc4 35. Rg7+ Kd8 36. Rf7 d3 37. Rxf5 d2 38. Rd5+ Kc7 39. f4 Kc6 40.
Rd3 Kxc5 41. Kxh4 Kb4 42. Kxh5 Kxa4 43. f5 1-0

[Event "BL 1516 OSG Baden Baden - Hansa Dortmun"]
[Site "?"]
[Date "2016.04.24"]
[Round "15.5"]
[White "Wegener, Olaf"]
[Black "Nisipeanu, Liviu-Dieter"]
[Result "0-1"]
[WhiteElo "2442"]
[BlackElo "2667"]
[PlyCount "80"]
[EventDate "2016.??.??"]

1. e4 c5 2. Nf3 e6 3. d4 cxd4 4. Nxd4 Nc6 5. Nc3 Qc7 6. Be3 a6 7. Qd2 Nf6 8.
O-O-O Be7 9. f3 b5 10. g4 Nxd4 11. Bxd4 Bb7 12. Qf2 O-O 13. Bd3 b4 14. Na4 d5
15. Nb6 dxe4 16. Nxa8 Bxa8 17. fxe4 Nxe4 18. Bxe4 Bxe4 19. Rhe1 Bh4 20. Qe2
Bxe1 21. Rxe1 Bg6 22. Rd1 Rc8 23. Rd2 Qf4 24. Be3 Qe4 25. Bd4 Qxe2 26. Rxe2 f6
27. b3 Rc6 28. Bf2 h5 29. h3 Kf7 30. Be1 a5 31. Kb2 e5 32. c3 Bd3 33. Re3 e4
34. cxb4 Rc2+ 35. Ka3 axb4+ 36. Kxb4 Rxa2 37. Kc5 hxg4 38. hxg4 Kg6 39. Bh4 Rg2
40. Bg3 Kg5 0-1

[Event "BL 1516 OSG Baden Baden - Hansa Dortmun"]
[Site "?"]
[Date "2016.04.24"]
[Round "15.6"]
[White "Movsesian, Sergei"]
[Black "Kotter, Ralf"]
[Result "1-0"]
[WhiteElo "2659"]
[BlackElo "2348"]
[PlyCount "119"]
[EventDate "2016.??.??"]

1. e4 c5 2. Nf3 e6 3. d4 cxd4 4. Nxd4 a6 5. Nc3 Qc7 6. Bd3 Bc5 7. Nb3 Be7 8.
Qg4 g6 9. Qe2 d6 10. O-O Nd7 11. Kh1 b6 12. Bd2 Bb7 13. Rae1 Ngf6 14. f4 O-O
15. Nd4 Rfe8 16. e5 Nh5 17. f5 Nxe5 18. fxe6 fxe6 19. Nxe6 Qd7 20. Bc4 Kh8 21.
Nf4 Nxf4 22. Bxf4 Bf6 23. Bd5 Bg7 24. Qd1 Bxd5 25. Nxd5 Qc6 26. Bg5 Rf8 27. Be7
Rxf1+ 28. Rxf1 Re8 29. h3 Nc4 30. b3 Ne3 31. Nxe3 Rxe7 32. Nd5 Re5 33. Nb4 Qb5
34. Nd3 Re3 35. c4 Qd7 36. Nf4 Be5 37. Qd2 Bxf4 38. Qd4+ Kg8 39. Rxf4 Re1+ 40.
Kh2 b5 41. c5 d5 42. b4 Re6 43. Kg1 Re1+ 44. Kh2 Re6 45. a3 Qc6 46. Rf1 Qc7+
47. Kg1 Re5 48. c6 h5 49. Qf4 Kh7 50. Qf7+ Qxf7 51. Rxf7+ Kh6 52. c7 Re1+ 53.
Rf1 Re8 54. Rc1 Rc8 55. Kf2 Kg5 56. Ke3 Kf5 57. Kd4 Ke6 58. Rc6+ Kd7 59. Kxd5
g5 60. g4 1-0

[Event "BL 1516 OSG Baden Baden - Hansa Dortmun"]
[Site "?"]
[Date "2016.04.24"]
[Round "15.7"]
[White "Karger, Frank"]
[Black "Meier, Georg"]
[Result "0-1"]
[WhiteElo "2276"]
[BlackElo "2659"]
[PlyCount "58"]
[EventDate "2016.??.??"]

1. d4 e6 2. c4 b6 3. Nc3 Bb7 4. e3 Nf6 5. f3 d5 6. cxd5 exd5 7. Bd3 c5 8. Nge2
g6 9. O-O Bg7 10. a3 Nc6 11. b4 cxd4 12. exd4 O-O 13. Bg5 Qd7 14. Qd2 Ne8 15.
Bc2 Nd6 16. Bb3 Nf5 17. Bxd5 Ncxd4 18. Bxb7 Nxe2+ 19. Nxe2 Qxb7 20. Rad1 Rac8
21. Ng3 Nxg3 22. hxg3 h5 23. Rfe1 Bc3 24. Qf4 Bxe1 25. Rxe1 Rfe8 26. Rxe8+ Rxe8
27. Bf6 Re6 28. g4 hxg4 29. fxg4 Qe4 0-1

[Event "BL 1516 OSG Baden Baden - Hansa Dortmun"]
[Site "?"]
[Date "2016.04.24"]
[Round "15.8"]
[White "Schlosser, Philipp"]
[Black "Schroeder, Kevin"]
[Result "0-1"]
[WhiteElo "2551"]
[BlackElo "2345"]
[PlyCount "118"]
[EventDate "2016.??.??"]

1. c4 c5 2. Nf3 Nc6 3. d4 cxd4 4. Nxd4 g6 5. Nc2 Bg7 6. e4 Qa5+ 7. Bd2 Qb6 8.
Nc3 Qxb2 9. Rb1 Bxc3 10. Rxb2 Bxb2 11. c5 Nf6 12. Bd3 Ne5 13. Be2 Nc6 14. Qb1
Be5 15. f4 Bc7 16. Bf3 O-O 17. O-O Rb8 18. e5 Ne8 19. Nb4 Nd4 20. Nd5 Bd8 21.
Bd1 e6 22. Qd3 Nc6 23. Nc3 b6 24. Be3 Nb4 25. Qb5 Na6 26. cxb6 Bxb6 27. Bxb6
Rxb6 28. Qa5 d5 29. Be2 Nec7 30. Rb1 d4 31. Nb5 Nd5 32. Rf1 d3 33. Bf3 Nab4 34.
Nxa7 Bb7 35. a3 Ra6 36. Qc5 Rxa3 37. Nb5 Ra5 38. Bxd5 Nxd5 39. Rb1 Ba6 40. Qc4
d2 41. Qd3 Rxb5 42. Rxb5 Bxb5 43. Qxd2 Bc6 44. g3 Rb8 45. Qc2 Nb4 46. Qc5 Bd5
47. Qd6 Nc6 48. Qa3 Rb1+ 49. Kf2 Rh1 50. h4 Rh2+ 51. Ke1 Rg2 52. Kd1 h5 53. Kc1
Kg7 54. Kd1 Nd4 55. Qe7 Nf5 56. Qf6+ Kg8 57. Qd8+ Kh7 58. Qf8 Nh6 59. Qa3 Kg7
0-1

[Event "BL 1516 Bayern München - SV Mülheim N"]
[Site "?"]
[Date "2016.04.24"]
[Round "15.1"]
[White "Motylev, Alexander"]
[Black "Gabriel, Christian"]
[Result "1-0"]
[WhiteElo "2652"]
[BlackElo "2504"]
[PlyCount "57"]
[EventDate "2016.??.??"]

1. e4 e5 2. Nf3 Nc6 3. Bb5 a6 4. Ba4 Nf6 5. O-O Be7 6. Re1 b5 7. Bb3 d6 8. c3
O-O 9. h3 Nb8 10. d4 Nbd7 11. Nbd2 Bb7 12. Bc2 Re8 13. Nf1 Bf8 14. Ng3 g6 15.
a4 c5 16. d5 c4 17. Bg5 h6 18. Be3 Nc5 19. Qd2 h5 20. Bxc5 dxc5 21. Reb1 Nd7
22. b3 Nb6 23. Qe2 cxb3 24. Bxb3 Qd7 25. c4 bxc4 26. Bc2 Nc8 27. a5 Qc7 28. Ba4
Re7 29. Nd2 1-0

[Event "BL 1516 Bayern München - SV Mülheim N"]
[Site "?"]
[Date "2016.04.24"]
[Round "15.2"]
[White "Bischoff, Klaus"]
[Black "Landa, Konstantin"]
[Result "1/2-1/2"]
[WhiteElo "2508"]
[BlackElo "2618"]
[PlyCount "79"]
[EventDate "2016.??.??"]

1. c4 c5 2. b3 Nc6 3. Bb2 e5 4. Nf3 d6 5. e3 g6 6. d4 exd4 7. exd4 Bg7 8. Qe2+
Qe7 9. Nc3 Bg4 10. dxc5 dxc5 11. O-O-O Nd4 12. Qxe7+ Nxe7 13. Nb5 O-O-O 14.
Bxd4 Bxf3 15. Re1 Bxd4 16. Rxe7 Bh5 17. Nxd4 Rxd4 18. f3 g5 19. Re5 Bg6 20.
Rxc5+ Kb8 21. Be2 Re8 22. Rd1 Rh4 23. Bd3 g4 24. fxg4 Rxh2 25. Bxg6 fxg6 26.
Rd2 a6 27. Kb2 h5 28. gxh5 gxh5 29. Ka3 Re7 30. Rg5 Kc7 31. Rf2 h4 32. Rf3 Re6
33. Rg4 Re2 34. Rf7+ Kd6 35. Rxb7 h3 36. Rg6+ Ke5 37. Re7+ Kf5 38. Rxe2 Kxg6
39. Re6+ Kf5 40. Re8 1/2-1/2

[Event "BL 1516 Bayern München - SV Mülheim N"]
[Site "?"]
[Date "2016.04.24"]
[Round "15.3"]
[White "Berelowitsch, Alexander"]
[Black "Schenk, Andreas"]
[Result "1-0"]
[WhiteElo "2518"]
[BlackElo "2474"]
[PlyCount "59"]
[EventDate "2016.??.??"]

1. e4 e6 2. d4 d5 3. Nd2 c5 4. exd5 Qxd5 5. Ngf3 cxd4 6. Bc4 Qd6 7. O-O Nf6 8.
Nb3 Nc6 9. Nbxd4 Nxd4 10. Nxd4 a6 11. Bb3 Qc7 12. Qf3 Bd6 13. h3 O-O 14. Bg5
Nd7 15. c3 Ne5 16. Qh5 Bd7 17. Rad1 Ng6 18. Bc2 Rae8 19. Rfe1 Bc8 20. Nf3 Qc5
21. Rd4 h6 22. Bxg6 fxg6 23. Qxg6 hxg5 24. Rxd6 Qxd6 25. Nxg5 Rxf2 26. Qh7+ Kf8
27. Qh8+ Ke7 28. Qxg7+ Kd8 29. Kxf2 Qf4+ 30. Nf3 1-0

[Event "BL 1516 Bayern München - SV Mülheim N"]
[Site "?"]
[Date "2016.04.24"]
[Round "15.4"]
[White "Fedorovsky, Michael"]
[Black "Levin, Felix"]
[Result "1/2-1/2"]
[WhiteElo "2476"]
[BlackElo "2506"]
[PlyCount "46"]
[EventDate "2016.??.??"]

1. d4 Nf6 2. Nf3 e6 3. c4 d5 4. Nc3 Nbd7 5. cxd5 exd5 6. Bg5 c6 7. e3 Be7 8.
Bd3 Ne4 9. Bxe7 Qxe7 10. Bxe4 dxe4 11. Nd2 f5 12. O-O Nf6 13. a3 Be6 14. b4 O-O
15. Qe2 a5 16. b5 c5 17. dxc5 Qxc5 18. Na4 Qc2 19. Qd1 Rac8 20. Rc1 Qa2 21. Ra1
Qc2 22. Rc1 Qa2 23. Ra1 Qc2 1/2-1/2

[Event "BL 1516 Bayern München - SV Mülheim N"]
[Site "?"]
[Date "2016.04.24"]
[Round "15.5"]
[White "Feygin, Michael"]
[Black "Mesaros, Florian"]
[Result "1-0"]
[WhiteElo "2471"]
[BlackElo "2307"]
[PlyCount "77"]
[EventDate "2016.??.??"]

1. e4 c5 2. c3 d5 3. exd5 Qxd5 4. d4 Nf6 5. Na3 Bg4 6. f3 Bf5 7. Bc4 Qd7 8. Bf4
a6 9. dxc5 Nc6 10. Ne2 e5 11. Be3 Be7 12. Qxd7+ Nxd7 13. b4 O-O 14. O-O-O Rfd8
15. Ng3 Bg6 16. Ne4 Rab8 17. Bd5 a5 18. Nc2 axb4 19. cxb4 Nf6 20. Nxf6+ gxf6
21. a3 Ra8 22. Bxc6 bxc6 23. Rxd8+ Bxd8 24. Rd1 Be7 25. Rd7 Kf8 26. Rc7 Ra6 27.
Rc8+ Kg7 28. Kb2 Bd3 29. Re8 Ra7 30. a4 f5 31. b5 cxb5 32. Nb4 e4 33. Nxd3 exd3
34. axb5 Bf6+ 35. Kb3 Ra1 36. c6 Rb1+ 37. Kc4 Rd1 38. c7 d2 39. Bxd2 1-0

[Event "BL 1516 Bayern München - SV Mülheim N"]
[Site "?"]
[Date "2016.04.24"]
[Round "15.6"]
[White "Belezky, Alexander"]
[Black "Saltaev, Mihail"]
[Result "1/2-1/2"]
[WhiteElo "2431"]
[BlackElo "2483"]
[PlyCount "40"]
[EventDate "2016.??.??"]

1. e4 c6 2. d4 d5 3. Nc3 dxe4 4. Nxe4 Bf5 5. Ng3 Bg6 6. h4 h6 7. Nf3 Nd7 8. h5
Bh7 9. Bd3 Bxd3 10. Qxd3 e6 11. Bd2 Ngf6 12. O-O-O Be7 13. Kb1 O-O 14. Rhe1 c5
15. dxc5 Bxc5 16. Ne4 Nxe4 17. Qxe4 Nf6 18. Qe2 Qb6 19. Ne5 Rfd8 20. Nd3 Rac8
1/2-1/2

[Event "BL 1516 Bayern München - SV Mülheim N"]
[Site "?"]
[Date "2016.04.24"]
[Round "15.7"]
[White "Dinstuhl, Volkmar"]
[Black "Meister, Peter"]
[Result "1-0"]
[WhiteElo "2404"]
[BlackElo "2363"]
[PlyCount "65"]
[EventDate "2016.??.??"]

1. d4 e6 2. c4 f5 3. g3 Nf6 4. Bg2 c6 5. Nh3 d5 6. Qc2 Bd6 7. O-O O-O 8. Nd2 h6
9. Nf4 g5 10. Nd3 Kg7 11. Nf3 Nbd7 12. b3 Be7 13. Bb2 Qe8 14. Rac1 Ng4 15. e3
h5 16. h3 Nh6 17. Nfe5 Nf7 18. f3 Nfxe5 19. dxe5 dxc4 20. Qxc4 Nb6 21. Qc2 Nd5
22. Qd2 Qd8 23. Bd4 a5 24. Rfd1 Nb4 25. Nf2 Na6 26. Qe2 Qe8 27. f4 Bd7 28. e4
h4 29. g4 c5 30. exf5 cxd4 31. f6+ Bxf6 32. exf6+ Rxf6 33. fxg5 1-0

[Event "BL 1516 Bayern München - SV Mülheim N"]
[Site "?"]
[Date "2016.04.24"]
[Round "15.8"]
[White "Schneider, Stefan"]
[Black "Beerdsen, Thomas"]
[Result "0-1"]
[WhiteElo "2359"]
[BlackElo "2356"]
[PlyCount "84"]
[EventDate "2016.??.??"]

1. d4 Nf6 2. Nf3 e6 3. c4 Bb4+ 4. Nbd2 O-O 5. a3 Be7 6. b4 a5 7. b5 c5 8. bxc6
Nxc6 9. e3 d5 10. cxd5 exd5 11. Bd3 Bd6 12. Bb2 Qe7 13. O-O Bg4 14. Qb1 Rfe8
15. h3 Bh5 16. Bb5 Ne4 17. Nxe4 dxe4 18. Ne5 Bxe5 19. dxe5 Qh4 20. g3 Qxh3 21.
Qxe4 Rxe5 22. Bxc6 Rxe4 23. Bxe4 Qe6 24. Bg2 Bg6 25. Bd4 Be4 26. f3 Bc6 27.
Rfc1 Qg6 28. Kf2 Qd3 29. Rc3 Qd2+ 30. Kg1 Qe2 31. Rac1 h5 32. R3c2 Qd3 33. Rc3
Qg6 34. Kf2 Rd8 35. Rc5 Qd3 36. Bf1 Qxa3 37. Ra1 Qb4 38. Rcxa5 Rxd4 39. exd4
Qxd4+ 40. Kg2 Qd2+ 41. Kg1 Qe3+ 42. Kh2 Qxf3 0-1

[Event "BL 1516 Hamburger SK - Schachfr. Berlin"]
[Site "?"]
[Date "2016.04.24"]
[Round "15.2"]
[White "Miton, Kamil"]
[Black "Kraemer, Martin"]
[Result "1-0"]
[WhiteElo "2625"]
[BlackElo "2570"]
[PlyCount "69"]
[EventDate "2016.??.??"]

1. e4 c5 2. Nf3 d6 3. Bb5+ Nd7 4. d4 cxd4 5. Qxd4 a6 6. Bxd7+ Bxd7 7. O-O e6 8.
c4 Nf6 9. Nc3 Bc6 10. b4 Be7 11. b5 axb5 12. cxb5 Bd7 13. a4 O-O 14. Rd1 Qb8
15. Ba3 Rc8 16. Rd3 Bf8 17. h3 e5 18. Qe3 Be6 19. Nd2 h6 20. Qe2 b6 21. Qe3 Nh5
22. g3 Nf6 23. Kh2 Qb7 24. Bb4 d5 25. Nxd5 Bxd5 26. Bxf8 Bxe4 27. Rd6 Bg6 28.
Bxg7 Ne8 29. Bxe5 Qe7 30. Rxb6 Rc2 31. Re1 Kh7 32. Rc6 Ra2 33. Bf4 Qd7 34. Ne4
Qd5 35. Nc3 1-0

[Event "BL 1516 Hamburger SK - Schachfr. Berlin"]
[Site "?"]
[Date "2016.04.24"]
[Round "15.3"]
[White "Schneider, Ilja"]
[Black "Svane, Rasmus"]
[Result "1/2-1/2"]
[WhiteElo "2505"]
[BlackElo "2529"]
[PlyCount "46"]
[EventDate "2016.??.??"]

1. b3 d5 2. Bb2 Bf5 3. e3 e6 4. Ne2 Nf6 5. d3 Bd6 6. Nd2 Nbd7 7. g3 O-O 8. Bg2
a5 9. a3 h6 10. O-O Bh7 11. Qe1 a4 12. b4 c5 13. bxc5 Bxc5 14. Nf3 Qe7 15. Nc3
e5 16. Nd2 e4 17. Qe2 Rfc8 18. Rfc1 Bb6 19. dxe4 dxe4 20. Qb5 Ba5 21. Ncxe4
Nxe4 22. Nxe4 Bxe4 23. Bxe4 Qxe4 1/2-1/2

[Event "BL 1516 Hamburger SK - Schachfr. Berlin"]
[Site "?"]
[Date "2016.04.24"]
[Round "15.4"]
[White "Ftacnik, Lubomir"]
[Black "Mista, Aleksander"]
[Result "0-1"]
[WhiteElo "2539"]
[BlackElo "2577"]
[PlyCount "124"]
[EventDate "2016.??.??"]

1. Nf3 g6 2. d4 Nf6 3. c4 Bg7 4. Nc3 d5 5. h4 c6 6. cxd5 cxd5 7. Bf4 Nc6 8. e3
O-O 9. Ne5 Nxe5 10. Bxe5 Ne4 11. Bxg7 Nxc3 12. bxc3 Kxg7 13. Be2 Be6 14. Qb3
Qd7 15. O-O Rfc8 16. Rfc1 Rc7 17. a4 Rac8 18. a5 h6 19. Qb2 Bf5 20. Ra3 h5 21.
Rb3 e6 22. f4 Be4 23. Kf2 Qe7 24. g3 f6 25. Qa3 Qd7 26. Bb5 Qd8 27. Bf1 g5 28.
Bh3 gxh4 29. gxh4 Kf7 30. Rg1 Qd7 31. Qb2 Rg8 32. Rxg8 Kxg8 33. Qe2 Qe8 34. Qb5
Qg6 35. Ke2 Rg7 36. Kd2 Kh7 37. Bf1 Qg1 38. Qe2 Kh6 39. c4 dxc4 40. Rb5 Rg4 41.
Qxc4 Rg3 42. Qe2 f5 43. Re5 Bd5 44. a6 b6 45. Qb5 Qh2+ 46. Be2 Rg2 47. Kd1 Qg1+
48. Kd2 Qa1 49. Rxd5 Qa2+ 50. Ke1 Rxe2+ 51. Qxe2 Qxe2+ 52. Kxe2 exd5 53. Kd3
Kg6 54. Kc3 Kf6 55. Kb4 Ke6 56. Ka4 Kd6 57. Kb5 Kd7 58. Ka4 Kc6 59. Kb4 b5 60.
Ka5 b4 61. Ka4 b3 62. Kxb3 Kb5 0-1

[Event "BL 1516 Hamburger SK - Schachfr. Berlin"]
[Site "?"]
[Date "2016.04.24"]
[Round "15.5"]
[White "Piorun, Kacper"]
[Black "Lampert, Jonas"]
[Result "1-0"]
[WhiteElo "2657"]
[BlackElo "2490"]
[PlyCount "111"]
[EventDate "2016.??.??"]

1. e4 e5 2. Nf3 Nc6 3. Bc4 Nf6 4. d3 Bc5 5. c3 O-O 6. O-O d5 7. exd5 Nxd5 8. a4
a6 9. a5 b5 10. axb6 Nxb6 11. Bb3 Bf5 12. Bc2 Qd7 13. Qe2 Rfe8 14. Nbd2 a5 15.
Ne4 Bf8 16. Ng3 Be6 17. Ng5 Bd5 18. Qh5 h6 19. N5e4 Be6 20. Bxh6 f5 21. Bxg7
fxe4 22. Qh8+ Kf7 23. Bd1 Bxg7 24. Bh5+ Ke7 25. Qxg7+ Kd8 26. Qxd7+ Nxd7 27.
Bxe8 Kxe8 28. Nxe4 Rb8 29. b4 axb4 30. cxb4 Nxb4 31. Rfb1 Rb6 32. h4 Nxd3 33.
Rxb6 cxb6 34. h5 Kf7 35. h6 Nf8 36. Ng5+ Kf6 37. h7 Kg7 38. Ra8 Nxh7 39. Ra7+
Kg6 40. Nxe6 Nf6 41. Rb7 Nd5 42. Nf8+ Kf5 43. Nd7 Nc3 44. Nxb6 Nd1 45. Nc4 Ke6
46. f3 Nc3 47. Kh2 Nd5 48. Nd2 N5f4 49. g3 Nd5 50. Rb3 Nc5 51. Ra3 Nf6 52. Ra5
Nd3 53. Ra6+ Kf5 54. g4+ Kg5 55. Kg3 Nf4 56. Nc4 1-0

[Event "BL 1516 Hamburger SK - Schachfr. Berlin"]
[Site "?"]
[Date "2016.04.24"]
[Round "15.6"]
[White "Kollars, Dmitrij"]
[Black "Jakubowski, Krzysztof"]
[Result "1/2-1/2"]
[WhiteElo "2465"]
[BlackElo "2573"]
[PlyCount "92"]
[EventDate "2016.??.??"]

1. e4 e5 2. Nf3 Nc6 3. Bb5 a6 4. Ba4 Nf6 5. O-O Be7 6. d3 d6 7. c3 O-O 8. Re1
b5 9. Bc2 Nb8 10. Nbd2 Nbd7 11. Nf1 c5 12. Ng3 Re8 13. d4 cxd4 14. cxd4 Bf8 15.
h3 exd4 16. Nxd4 Bb7 17. Bf4 Nc5 18. Qf3 Nfd7 19. Ngf5 Qf6 20. b4 Ne6 21. Nxe6
Rxe6 22. Qg3 Qb2 23. Qb3 Qxb3 24. Bxb3 Rxe4 25. Rxe4 Bxe4 26. Nxd6 Bg6 27. Rc1
Nf6 28. Rc6 Ne4 29. a3 Nxd6 30. Bxd6 Bxd6 31. Rxd6 Kf8 32. Bd5 Ra7 33. Rb6 Ke7
34. g4 f6 35. f4 Be8 36. Kf2 a5 37. Rb7+ Rxb7 38. Bxb7 axb4 39. axb4 Kd6 40.
Ke3 g5 41. fxg5 fxg5 42. Be4 h5 43. gxh5 Bxh5 44. Bd3 Be8 45. Kd2 Bd7 46. Bf1
Bf5 1/2-1/2